<?xml version="1.0" encoding="UTF-8"?>
<marc:record xmlns:marc="http://www.loc.gov/MARC21/slim">
   <marc:leader>00000nam a2200000 a 4500</marc:leader>
   <marc:datafield ind1="1" ind2=" " tag="100">
      <marc:subfield code="a">Ritchie, Guy</marc:subfield>
   </marc:datafield>
   <marc:datafield ind1=" " ind2=" " tag="653">
      <marc:subfield code="a">Deutsch</marc:subfield>
   </marc:datafield>
   <marc:datafield ind1=" " ind2=" " tag="653">
      <marc:subfield code="a">Englisch</marc:subfield>
   </marc:datafield>
   <marc:datafield ind1="0" ind2="0" tag="245">
      <marc:subfield code="a">Sherlock Holmes</marc:subfield>
   </marc:datafield>
   <marc:datafield ind1=" " ind2="1" tag="264">
      <marc:subfield code="a">Hamburg</marc:subfield>
      <marc:subfield code="b">Warner Home Video</marc:subfield>
      <marc:subfield code="c">2009</marc:subfield>
   </marc:datafield>
   <marc:datafield ind1="1" ind2=" " tag="520">
      <marc:subfield code="a">Mit Finesse gelingt es Sherlock Holmes und Dr. Watson, Lord Blackwood zur Strecke zu bringen, bevor er in einer schwarzen Messe eine Jungfrau opfern kann. Vor seiner Hinrichtung kündigt Blackwood an, er werde von den Toten auferstehen. Tatsächlich geschehen bald merkwürdige Dinge, sodass Holmes sich nicht länger um die Aussicht auf Trennung von Watson aufgrund dessen bevorstehender Heirat sorgen kann. Als mit Irene Adler auch noch die raffinierte Betrügerin auftaucht, die ihm einst das Herz brach, ist der ganze Detektiv gefordert.</marc:subfield>
   </marc:datafield>
   <marc:datafield ind1=" " ind2=" " tag="020">
      <marc:subfield code="a">5051890014757</marc:subfield>
      <marc:subfield code="9">5051890014757</marc:subfield>
   </marc:datafield>
   <marc:datafield ind1="0" ind2=" " tag="490">
      <marc:subfield code="v">0</marc:subfield>
   </marc:datafield>
   <marc:datafield ind1=" " ind2=" " tag="300">
      <marc:subfield code="a">123 Min.</marc:subfield>
   </marc:datafield>
</marc:record>
